000 01334nam a2200229Ia 4500
003 Ost
005 20260507075116.0
008 260507s9999||||xx |||||||||||||| ||und||
040 _cfsecg
041 _aara
082 _a341.754
100 _aالحويش، ياسر
_eمؤلف
245 0 _aمبدأ عدم التدخل واتفاقيات تحرير التجارة العالمية /
_c ياسر الحويش
260 _aبيروت:
_bمنشورات الحلبي الحقوقية,
_c2005
300 _a816 صفحة؛
_bإيضاحات ؛
_c24 سم
504 _aالمراجع ص.795
520 _aالقانون الدولي التجاري وعلاقته بالقانون الدولي العام- تطوير قواعد القانون الدولي- مؤسسات القانون الدولي التجاري في ضوء التنظيم الدولي- الطبيعة القانونية لمبدأ عدم التدخل- الإختصاص الداخلي كقيد على التدخل في ظل اتفاقيات تحرير التجارة العالمية
653 _aالإتفاقيات الدولية- الإتفاقية العامة للتجارة والتعرفة الجمركية (1947)
653 _aالتجارة الخارجية- معاهدات
653 _aالقانون الدولي التجاري
942 _cكتاب
999 _c43011
_d43011